QUEST Central Library Banner

International Law and the Environment (Record no. 68260)

MARC details
000 -LEADER
fixed length control field 00505nam a22001817a 4500
020 ## - INTERNATIONAL STANDARD BOOK NUMBER
ISBN 0199580871
022 ## - INTERNATIONAL STANDARD SERIAL NUMBER
ISSN 978-0199594016
082 ## - DEWEY DECIMAL CLASSIFICATION NUMBER
Classification number 344.046BIR
100 ## - MAIN ENTRY--AUTHOR NAME
Personal name Birne, Patricia
245 ## - TITLE STATEMENT
Title International Law and the Environment
250 ## - EDITION STATEMENT
Edition statement 3rd edition
260 ## - PUBLICATION, DISTRIBUTION, ETC. (IMPRINT)
Name of publisher Oxford University Press,
Place of publication Oxford:
Year of publication 2009.
650 ## - SUBJECT ADDED ENTRY--TOPICAL TERM
Topical Term Environmental law, International
700 ## - ADDED ENTRY--PERSONAL NAME
Personal name Boyle, Alan
700 ## - ADDED ENTRY--PERSONAL NAME
Personal name Redgwell, Catherine
856 ## - ELECTRONIC LOCATION AND ACCESS
Uniform Resource Identifier http://10.10.170.122:8080/browse/book/25790
942 ## - ADDED ENTRY ELEMENTS (KOHA)
Koha item type Books
Holdings
Withdrawn status Lost status Home library Current library Date acquired Full call number Accession Number Koha item type
    Central Library, QUEST, Nawabshah Central Library, QUEST, Nawabshah 04/10/2023 344.046BIR 56079 Books
    Central Library, QUEST, Nawabshah Central Library, QUEST, Nawabshah 04/10/2023 344.046BIR 56080 Books

Copyright © 2018,The QUEST, Nawabshah, Shaheed Benazirabad. All rights reserved
Mr. G. Farooq Channar (Librarian) QUEST, Nawabshah, Sindh, Pakistan 67480.
 Ph#: |   0244-9370381-4 Ext. 2308   Email| lib@quest.edu.pk   Web|  http://www.quest.edu.pk